| 000 | 00757nam a22002177a 4500 | ||
|---|---|---|---|
| 999 |
_c59304 _d59304 |
||
| 005 | 20230116150425.0 | ||
| 008 | 230116s2022ge xxu||||| |||| 00| 0 ger d | ||
| 020 | _a 9783126071758 X | ||
| 041 | _ager | ||
| 080 | _a811.112.2 P-64 | ||
| 100 |
_aPilaski, Anna _916682 |
||
| 245 |
_aNetzwerk neu : _bB1. Testheft mit Audios / _cAnna Pilaski, Kirsten Althaus, Hildegard Meiste. |
||
| 264 |
_aStuttgart: _bErnst Klett Sprachen, _c2022. |
||
| 300 |
_a72 p.: _bill. en coul. ; _c28 cm. |
||
| 653 | _aNetzwerk neu : B1 : Testheft mit Audios | ||
| 653 | _aგერმანული ენა | ||
| 700 |
_aPilaski, Anna _eAuthor _916683 |
||
| 700 |
_a Althaus, Kirsten _eAuthor _916684 |
||
| 700 |
_a Meister, Hildegard _eAuthor _916685 |
||
| 942 |
_2udc _cBK |
||